| 000 | 00668nam a2200205 i 4500 | ||
|---|---|---|---|
| 001 | 36715 | ||
| 003 | ES-MaACL | ||
| 005 | 20250514194822.0 | ||
| 007 | t| | ||
| 008 | 030219s1977 sp ||||1| spa d | ||
| 100 | 1 |
_aBousoño, Carlos, _d1923-2015 _931032 |
|
| 245 | 1 | 3 |
_aLa poesía de Vicente Alexandre / _cCarlos Bousoño. |
| 250 | _a3ª ed. aum. | ||
| 260 |
_aMadrid : _bGredos, _c[1977] |
||
| 300 |
_a577 p. ; _c20 cm. |
||
| 490 | 1 |
_aBiblioteca románica hispánica. II. Estudios y ensayos ; _v27 |
|
| 830 | 0 |
_aBiblioteca románica hispánica. II. Estudios y ensayos ; _v27 _9178108 |
|
| 852 |
_aES-MaACL _jA-8516 _bR.97175 |
||
| 999 |
_c36715 _d36715 |
||